Янка Брыль (Запись № 12920827)

Подробности
000 -МАРКЕР
контрольное поле 01590nam0a2200361 4500
001 - ИДЕНТИФИКАТОР ЗАПИСИ
контрольное поле RU\NLR\BIBL_A\012714568
005 - ИДЕНТИФИКАТОР ВЕРСИИ
контрольное поле 20260412042427.0
035 ## - ДРУГИЕ СИСТЕМНЫЕ НОМЕРА
Идентификатор записи (NLR Aleph) 012714568
100 ## - ДАННЫЕ ОБЩЕЙ ОБРАБОТКИ
Данные общей обработки 20220224d1957 |||y0rusy50 ca
101 0# - ЯЗЫК РЕСУРСА
Язык текста, звукозаписи и т.д. белорусский
102 ## - СТРАНА ПУБЛИКАЦИИ ИЛИ ПРОИЗВОДСТВА
Страна публикации Российская Федерация
105 ## - ПОЛЕ КОДИРОВАННЫХ ДАННЫХ: ТЕКСТОВЫЕ МАТЕРИАЛЫ, МОНОГРАФИЧЕСКИЕ
Кодированные данные о монографическом текстовом документе a a 000zb
181 #0 - ПОЛЕ КОДИРОВАННЫХ ДАННЫХ: ВИД СОДЕРЖАНИЯ
Код вида содержания (ISBD) i
Код характеристики содержания (ISBD) axxe
182 #0 - ПОЛЕ КОДИРОВАННЫХ ДАННЫХ: ТИП СРЕДСТВА
Код типа средства (ISBD) n - непосредственное
200 1# - ЗАГЛАВИЕ И СВЕДЕНИЯ ОБ ОТВЕТСТВЕННОСТИ
Основное заглавие Янка Брыль
Сведения, относящиеся к заглавию бiблiяграфiчная памятка чытача
Первые сведения об ответственности Дзяржаўная бiблiятэка БССР iмя В.I. Ленiна
Последующие сведения об ответственности склала: Н. Ватацы
-- рэдактар: д.фiлал.н. В. Барысенка
203 ## - ВИД СОДЕРЖАНИЯ И ТИП СРЕДСТВА
Вид содержания Текст
Дополнительные сведения об издании визуальный
Тип средства непосредственный
210 ## - ПУБЛИКАЦИЯ, РАСПРОСТРАНЕНИЕ И ДР.
Место издания, распространения и т.д. Мiнск
Имя издателя, распространителя и т. д. Дзяржаўнае выдавецтва БССР
Дата издания, распространения и т.д. 1957
215 ## - ФИЗИЧЕСКАЯ ХАРАКТЕРИСТИКА
Специфическое обозначение материала и объем 32, [3] с.
Другие сведения о физической характеристике ил.
Размеры 18
225 1# - СЕРИЯ
Основное заглавие серии Серыя - Пiсьменнiкi БССР
600 #1 - ИМЯ ЛИЦА КАК ПРЕДМЕТ
Начальный элемент ввода Брыль
Часть имени, кроме начального элемента ввода Я.
Даты 1917 - 2006
Расширение инициалов личного имени Янка
Формальный подзаголовок Библиография
Системный номер авторитетной/нормативной записи 2546790
Идентификатор авторитетной/нормативной записи RU\NLR\AUTH\661507331
686 1# - ИНДЕКСЫ ДРУГИХ КЛАССИФИКАЦИЙ
Индекс Ш5(2=Бел)7-4Брыль
702 #1 - ИМЯ ЛИЦА - ВТОРИЧНАЯ ОТВЕТСТВЕННОСТЬ
Начальный элемент ввода Ватацы
Часть имени, кроме начального элемента ввода Н.
Код отношения Составитель
702 #1 - ИМЯ ЛИЦА - ВТОРИЧНАЯ ОТВЕТСТВЕННОСТЬ
Начальный элемент ввода Барысенка
Часть имени, кроме начального элемента ввода В. В.
Даты 1904-1984
Расширение инициалов личного имени Васiль Васiльевiч
Код отношения Редактор
702 #1 - ИМЯ ЛИЦА - ВТОРИЧНАЯ ОТВЕТСТВЕННОСТЬ
Код отношения Прочие
Материалы, к которым относится поле rus
Графика поля Кириллица
Начальный элемент ввода Брыль
Часть имени, кроме начального элемента ввода Я.
Даты 1917-2006
Расширение инициалов личного имени Янка
Идентификатор авторитетной/нормативной записи RU\NLR\AUTH\7715877
Системный номер авторитетной/нормативной записи 125524
712 02 - НАИМЕНОВАНИЕ ОРГАНИЗАЦИИ - ВТОРИЧНАЯ ОТВЕТСТВЕННОСТЬ
Код отношения Прочие
Материалы, к которым относится поле bel
Начальный элемент ввода Дзяржаўная бiблiятэка БССР iм. У. I. Ленiна
Идентифицирующий признак Мiнск
Графика поля Кириллица
Идентификатор авторитетной/нормативной записи RU\NLR\AUTH\889950022
Системный номер авторитетной/нормативной записи 395803
852 ## - МЕСТОНАХОЖДЕНИЕ И ШИФР ХРАНЕНИЯ
Идентификатор организации NLR
Шифр хранения (Call Number) 641/Б-89
942 ## - ДОПОЛНИТЕЛЬНЫЕ ЭЛЕМЕНТЫ ЗАПИСИ (АБИС)
Тип экземпляра АБИС Книга
980 ## - КОЛЛЕКЦИЯ
Название коллекции Национальная библиография
Экземпляры
Тип экземпляра Дата поступления Библиотека постоянного хранения Библиотека текущего хранения Место хранения Шифр хранения Штрих-код Статус экземпляра
Книга 04.04.2022 РНБ (Московский) РНБ (Московский) Центральная справочная библиотека 641/Б-89 1-3672770